Star Wars Droids - Statistics

General Stats
  • This quiz has been taken 84 times
    25 since last reset
  • The average score is 8 of 48
Answer Stats
Hint Answer % Correct
OT C-3PO
100%
OT R2-D2
100%
ST BB-8
80%
Rebels Chopper
60%
Rogue One K-2SO
60%
Mandalorian IG-11
50%
OT IG-88
50%
Video Game BD-1
40%
Solo L3-37
25%
OT 4-LOM
20%
ST D-0
20%
Bad Batch Gonky
20%
Obi-Wan Kenobi L0-LA59
20%
PT R4-P17
20%
Andor B2EMO
15%
OT R5-D4
15%
Rebels AP-5
10%
Acolyte Pip
10%
OT 2-1B
5%
Clone Wars C-21 Highsinger
5%
OT EV-9D9
5%
Clone Wars Huyang
5%
Obi-Wan Kenobi NED-B
5%
Clone Wars R7-A7
5%
Skeleton Crew SM-33
5%
Clone Wars Todo 360
5%
Comics Triple-Zero
5%
Comics Ajax Sigma
0%
Clone Wars AZI-3
0%
Comics BT-1
0%
Resistance Bucket
0%
Resistance CB-23
0%
Clone Wars G-G
0%
Clone Wars Goldie
0%
High Republic J-6
0%
High Republic JJ-5145
0%
Rebels Kalani
0%
Books Mister Bones
0%
LEGO SW M-OC
0%
Video Game ND-5
0%
ST PZ-4CO
0%
High Republic QN-1
0%
Clone Wars R2-KT
0%
YJA RJ-83
0%
LEGO SW Roger
0%
High Republic V-18
0%
Books WA-2V
0%
Clone Wars WAC-47
0%
No matching quizzes found
Score Distribution
Percent of People with Each Score
Percentile by Number Answered
Your Score History
You have not taken this quiz since the last reset